Diagnostika a vitalizace firem a organizací teorie vitality v podnikatelské a manažerské praxi
Salvato in:
| Autore principale: | |
|---|---|
| Natura: | Libro |
| Lingua: | ceco |
| Pubblicazione: |
Praha
Grada Publishing
2014
|
| Soggetti: | |
| Tags: |
Nessun Tag, puoi essere il primo ad aggiungerne!!
|
MARC
| LEADER | 00000nam a2200000 4500 | ||
|---|---|---|---|
| 001 | 0222893 | ||
| 005 | 20240313085702.9 | ||
| 020 | |a 978-80-247-5323-2 | ||
| 041 | 0 | |a cze | |
| 044 | |a CZ | ||
| 245 | 1 | 0 | |a Diagnostika a vitalizace firem a organizací |b teorie vitality v podnikatelské a manažerské praxi |c Jiří Plamínek |
| 264 | 1 | |a Praha |b Grada Publishing |c 2014 | |
| 300 | |a 179 s. | ||
| 610 | 2 | 0 | |a diagnostika podniková |
| 610 | 2 | 0 | |a zdravie |
| 610 | 2 | 0 | |a podnikanie |
| 610 | 2 | 0 | |a rozhodovanie podnikové |
| 610 | 2 | 0 | |a rovnováha |
| 100 | 1 | |a Plamínek, Jiří | |